000 00463nam a2200157 4500
001 112192
003 ES-MaACL
005 20230906185453.0
007 t|
008 061121s1947 sp r ||||1| spa d
100 1 _aNicolson, Harold.
_985605
245 1 3 _aEl Congreso de Viena /
_cpor Harold Nicolson.
260 _aMadrid :
_bRevista de Derecho Privado,
_c1947.
300 _a342 p., 9 lám. ;
_c23 cm +
_e2 map. pleg.
852 _aES-MaACL
_jC-24463
_bR.53288
999 _c112192
_d112192